[Event "26th WSCC 2016 Open 65+"]
[Site "Marianske Lazne, Czech Republic - Hotel Cristal and Continental"]
[Date "2016.11.23"]
[Round "5.60"]
[White "Ben-Zeev, Moshe"]
[Black "Vavruska, Antonin"]
[Result "1/2-1/2"]
[WhiteElo "1943"]
[BlackElo "2096"]
[PlyCount "34"]
[EventDate "2016.11.19"]

1. d4 e6 2. Bf4 f5 3. Nf3 Nf6 4. h3 b6 5. e3 Bb7 6. Nbd2 Be7 7. c4 O-O 8. Be2
d6 9. O-O Ne4 10. Nxe4 fxe4 11. Nd2 Nd7 12. Qc2 Nf6 13. b4 Qd7 14. Rfd1 Rac8
15. Nb3 d5 16. c5 c6 17. a4 a6 1/2-1/2

[Event "26th WSCC 2016 Open 65+"]
[Site "Marianske Lazne, Czech Republic - Hotel Cristal and Continental"]
[Date "2016.11.23"]
[Round "5.61"]
[White "Valtera, Jiri"]
[Black "Nickl, Klaus"]
[Result "1/2-1/2"]
[WhiteElo "1943"]
[BlackElo "2075"]
[PlyCount "72"]
[EventDate "2016.11.19"]

1. e4 e6 2. d4 d5 3. Nc3 dxe4 4. Nxe4 Nd7 5. Bd3 Ngf6 6. Nf3 c5 7. Qe2 cxd4 8.
Nxd4 Nxe4 9. Qxe4 Qa5+ 10. Bd2 Qe5 11. Qxe5 Nxe5 12. Bb5+ Nd7 13. O-O a6 14.
Be2 Bd6 15. c4 O-O 16. b4 Be5 17. Bc3 Bf6 18. Rfc1 Ne5 19. Nf3 Nc6 20. Bxf6
gxf6 21. a3 Bd7 22. Rd1 Rfd8 23. Rd6 Kf8 24. c5 Ke7 25. Kf1 Be8 26. Rad1 Rxd6
27. Rxd6 Rd8 28. Rxd8 Kxd8 29. Ke1 h6 30. Kd2 Ne7 31. Nd4 e5 32. Nc2 Bc6 33.
Ne3 f5 34. h3 Kd7 35. Bc4 f6 36. Kc3 Ba4 $11 1/2-1/2

[Event "26th WSCC 2016 Open 65+"]
[Site "Marianske Lazne, Czech Republic - Hotel Cristal and Continental"]
[Date "2016.11.23"]
[Round "5.62"]
[White "Ashby, Anthony C"]
[Black "Briza, Jiri"]
[Result "1-0"]
[WhiteElo "2074"]
[BlackElo "1941"]
[PlyCount "65"]
[EventDate "2016.11.19"]

1. e4 e5 2. d4 exd4 3. Qxd4 Nc6 4. Qe3 d6 5. Bd2 Nf6 6. h3 g6 7. Nc3 Bg7 8.
O-O-O O-O 9. g4 d5 10. Qf3 dxe4 11. Qg2 Be6 12. Bg5 Qe8 13. Bb5 a6 14. Ba4 b5
15. Bb3 Bxb3 16. axb3 Qe5 17. f4 Qe8 18. Nge2 Nb4 19. Bxf6 Bxf6 20. Nxe4 Bg7
21. N2g3 Rd8 22. Rxd8 Qxd8 23. Rd1 Qe7 24. Qd2 Re8 25. f5 a5 26. c3 Na6 27. Qf2
Be5 28. Kb1 Bxg3 29. Nxg3 Qe3 30. Rd8 Kg7 31. f6+ Kh6 32. Rxe8 Qxf2 33. g5+ 1-0

[Event "26th WSCC 2016 Open 65+"]
[Site "Marianske Lazne, Czech Republic - Hotel Cristal and Continental"]
[Date "2016.11.23"]
[Round "5.64"]
[White "Scharff, Klaus"]
[Black "Hjertenes, Oystein"]
[Result "0-1"]
[WhiteElo "1934"]
[BlackElo "2060"]
[PlyCount "124"]
[EventDate "2016.11.19"]

1. Nf3 Nf6 2. g3 g6 3. Bg2 c5 4. d3 d5 5. Nbd2 Nc6 6. O-O Bg7 7. e4 e6 8. Ne1
O-O 9. f4 b6 10. g4 h6 11. h4 Nh7 12. Nef3 f5 13. exf5 exf5 14. g5 h5 15. Re1
Bb7 16. c3 Qd6 17. Nf1 Rfe8 18. Rxe8+ Rxe8 19. d4 cxd4 20. cxd4 Nf8 21. Ne5
Nxe5 22. fxe5 Qd7 23. Ng3 Ne6 24. Ne2 Bf8 25. Be3 Rc8 26. Qb3 Kf7 27. Rf1 Rc4
$11 28. Re1 Bb4 29. Rd1 Bc6 30. Qd3 Bb5 31. Qb1 Rc8 32. Nf4 Nxf4 33. Bxf4 Ke6
34. a3 Be7 35. Bd2 Rc7 36. Bc3 Bxa3 37. Bf3 Bf8 38. Kf2 Qc6 39. Re1 a5 40. Qd1
Qe8 41. Re3 a4 42. Bxd5+ Kxd5 43. Qf3+ Ke6 44. d5+ Kf7 45. e6+ Kg8 46. Qf4 Rb7
47. d6 Bg7 48. Bf6 Qc8 49. Qe5 Qc4 50. Re1 Qxh4+ 51. Qg3 Qxg3+ 52. Kxg3 Bd7 53.
Kf4 Bf8 54. Ke5 b5 55. Rc1 b4 56. e7 Bxe7 57. dxe7 Kf7 58. Kd6 Be8 59. Rc5 b3
60. Ra5 h4 61. Kd5 h3 62. Rc5 Rb5 0-1

[Event "26th WSCC 2016 Open 65+"]
[Site "Marianske Lazne, Czech Republic - Hotel Cristal and Continental"]
[Date "2016.11.23"]
[Round "5.65"]
[White "Andersson, Kaj"]
[Black "Abel, Hans-Peter"]
[Result "1/2-1/2"]
[WhiteElo "2057"]
[BlackElo "1923"]
[PlyCount "38"]
[EventDate "2016.11.19"]

1. e4 c5 2. Nf3 Nc6 3. d4 cxd4 4. Nxd4 g6 5. Be3 Bg7 6. c3 Nf6 7. Nd2 d6 8. Be2
Bd7 9. O-O h5 10. h3 O-O 11. Qe1 a6 12. Rd1 Qc7 13. f4 Nxd4 14. cxd4 e6 15. Qg3
d5 16. Rc1 Qa5 17. f5 exf5 18. exf5 Bxf5 19. Bg5 Ne4 1/2-1/2

[Event "26th WSCC 2016 Open 65+"]
[Site "Marianske Lazne, Czech Republic - Hotel Cristal and Continental"]
[Date "2016.11.23"]
[Round "5.66"]
[White "Hocevar, Nikola"]
[Black "Hoeschele, Hans-Ulrich"]
[Result "1/2-1/2"]
[WhiteElo "1910"]
[BlackElo "2057"]
[PlyCount "42"]
[EventDate "2016.11.19"]

1. Nf3 d5 2. c4 e6 3. e3 Nf6 4. Nc3 c6 5. d4 Be7 6. Be2 Nbd7 7. O-O dxc4 8.
Bxc4 b5 9. Be2 Bb7 10. a3 O-O 11. e4 b4 12. axb4 Bxb4 13. e5 Nd5 14. Nxd5 cxd5
15. Qb3 Qb6 16. Bd2 Bxd2 17. Qxb6 Nxb6 18. Nxd2 Rfc8 19. Rfc1 Kf8 20. Kf1 Ke7
21. Ke1 Kd8 1/2-1/2

[Event "26th WSCC 2016 Open 65+"]
[Site "Marianske Lazne, Czech Republic - Hotel Cristal and Continental"]
[Date "2016.11.23"]
[Round "5.67"]
[White "Diaz Franco, Francisco Jorge"]
[Black "Harestad, Thor Geir"]
[Result "0-1"]
[WhiteElo "2019"]
[BlackElo "2211"]
[PlyCount "78"]
[EventDate "2016.11.19"]

1. Nf3 g6 2. d4 c5 3. c3 Nf6 4. h3 Bg7 5. Bf4 O-O 6. e3 b6 7. Be2 Bb7 8. O-O d6
9. Na3 Nbd7 10. Rc1 a6 11. b4 cxb4 12. cxb4 Nd5 13. Qd2 Nxf4 14. exf4 b5 15.
Ng5 Qb6 16. Bf3 Rac8 17. Bxb7 Qxb7 18. Rfe1 Nb6 19. Nf3 e6 20. Rxc8 Rxc8 21.
Rc1 Rxc1+ 22. Qxc1 Nd5 23. Qd2 Bh6 24. Ng5 Qc8 25. g3 Bxg5 26. fxg5 Qc3 27.
Qxc3 Nxc3 28. Kf1 Nxa2 29. Nc2 Nc3 30. f3 Kf8 31. Ke1 Ke7 32. Kd2 Nd5 33. f4
Kd7 34. g4 Nxf4 35. h4 Nd5 36. Kd3 Kc6 37. Ke4 Kb6 38. Kd3 a5 39. bxa5+ Kxa5
0-1

[Event "26th WSCC 2016 Open 65+"]
[Site "Marianske Lazne, Czech Republic - Hotel Cristal and Continental"]
[Date "2016.11.23"]
[Round "5.68"]
[White "Archangelsky, Mikhail"]
[Black "Baumann, Hanspeter"]
[Result "1/2-1/2"]
[WhiteElo "2054"]
[BlackElo "1911"]
[PlyCount "34"]
[EventDate "2016.11.19"]

1. d4 Nf6 2. Nf3 e6 3. e3 b6 4. Bd3 Bb7 5. Nbd2 c5 6. c3 Be7 7. O-O O-O 8. e4
d6 9. Qe2 cxd4 10. cxd4 Nbd7 11. Rd1 e5 12. dxe5 dxe5 13. Nc4 Qc7 14. Bd2 Nc5
15. Ncxe5 Nxd3 16. Qxd3 Bxe4 17. Qe2 Rae8 1/2-1/2

[Event "26th WSCC 2016 Open 65+"]
[Site "Marianske Lazne, Czech Republic - Hotel Cristal and Continental"]
[Date "2016.11.23"]
[Round "5.69"]
[White "Myall, Ivan J"]
[Black "Dubinsky, Alexander"]
[Result "1-0"]
[WhiteElo "2042"]
[BlackElo "1858"]
[PlyCount "101"]
[EventDate "2016.11.19"]

1. e4 e5 2. Nc3 Nc6 3. Bc4 Bc5 4. Qg4 g6 5. Qf3 Qf6 6. Nd5 Qxf3 7. Nxf3 Bb6 8.
c3 d6 9. b4 Nce7 10. Nxb6 axb6 11. d3 h6 12. h3 Nf6 13. Bb3 g5 14. Be3 Be6 15.
Bxe6 fxe6 16. a4 Kd7 17. Ke2 Nc6 18. Nd2 g4 19. hxg4 Nxg4 20. Rh5 Nxe3 21. Kxe3
Rag8 22. g3 Rg6 23. a5 b5 24. Rah1 Ke7 25. g4 Rxg4 26. Rxh6 Rf8 27. Rh7+ Rf7
28. Nf3 Rgg7 29. Rxg7 Rxg7 30. d4 exd4+ 31. Nxd4 Nxd4 32. cxd4 Kd7 33. Rh5 c6
34. Rh1 Kc7 35. Rh6 Kd7 36. Rh8 Re7 37. f4 Re8 38. Rh1 Kc7 39. Rh7+ Kc8 40. Kf3
d5 41. e5 Rg8 42. Re7 Rg6 43. f5 exf5 44. Kf4 Rg4+ 45. Kxf5 Rxd4 46. Ke6 Rxb4
47. Kd6 Kb8 48. Kc5 Ra4 49. Kb6 Kc8 50. e6 Re4 51. Re8# 1-0

[Event "26th WSCC 2016 Open 65+"]
[Site "Marianske Lazne, Czech Republic - Hotel Cristal and Continental"]
[Date "2016.11.23"]
[Round "5.70"]
[White "Reynolds, D Ian W"]
[Black "Muratoglu, Salih"]
[Result "0-1"]
[WhiteElo "2040"]
[BlackElo "1897"]
[PlyCount "102"]
[EventDate "2016.11.19"]

1. e4 d6 2. d4 Nf6 3. Nc3 g6 4. f4 Bg7 5. Nf3 O-O 6. h3 c5 7. Be3 cxd4 8. Nxd4
Nc6 9. Qd2 Bd7 10. Be2 Qa5 11. Nb3 Qc7 12. O-O a6 13. a4 Rac8 14. Bf3 Nb4 15.
a5 Be6 16. Nd4 Bc4 17. Rfc1 e5 18. Nde2 Rfe8 19. Ra4 Bxe2 20. Qxe2 Nc6 21. Bb6
Qd7 22. fxe5 Nxe5 23. Rd4 Nxf3+ 24. Qxf3 Nh5 25. Rd3 Rc4 26. Rcd1 Be5 27. Bd4
Qc7 28. Bxe5 dxe5 29. Rd7 Qc5+ 30. Qf2 Qxf2+ 31. Kxf2 Rb4 32. b3 Kg7 33. Rc7
Nf6 34. Ke3 Re6 35. Rd8 b6 36. Nd5 Rxe4+ 37. Kf3 bxa5 38. Nxf6 $11 Rf4+ 39. Ke3
Kxf6 40. Rdd7 Kg7 41. g3 Rf1 42. Ke2 Rf5 43. Rd5 Rg5 44. g4 h5 45. Rc4 hxg4 46.
hxg4 f5 47. gxf5 gxf5 48. Rxa5 Kf6 49. Rd5 f4 50. Rd8 Kf5 51. Kf3 e4+ 0-1

[Event "26th WSCC 2016 Open 65+"]
[Site "Marianske Lazne, Czech Republic - Hotel Cristal and Continental"]
[Date "2016.11.23"]
[Round "5.71"]
[White "Altshul, Raffael"]
[Black "Degtiarev, Viktor"]
[Result "1/2-1/2"]
[WhiteElo "2037"]
[BlackElo "1823"]
[PlyCount "73"]
[EventDate "2016.11.19"]

1. Nf3 d5 2. d4 g6 3. Bf4 Bg7 4. c3 Nf6 5. h3 O-O 6. Nbd2 b6 7. e3 Re8 8. Bb5
Bd7 9. Bd3 c5 10. O-O Nc6 11. Bh2 c4 12. Bc2 b5 13. e4 dxe4 14. Nxe4 Nxe4 15.
Bxe4 e6 16. Qd2 f5 17. Bc2 Bc8 18. Rfd1 Qd5 19. Qf4 Bb7 20. Qd6 Rad8 21. Qxd5
Rxd5 22. Re1 a5 23. Re2 h6 24. Rae1 Kf7 25. Ne5+ Nxe5 26. Bxe5 Bxe5 27. Rxe5
Rxe5 28. Rxe5 Bd5 29. Bd1 b4 30. Bf3 Rd8 31. Bxd5 Rxd5 32. f4 Ke7 33. Kf2 Kd6
34. Ke3 Rxe5+ 35. fxe5+ Kd5 36. h4 g5 37. hxg5 $11 1/2-1/2

[Event "26th WSCC 2016 Open 65+"]
[Site "Marianske Lazne, Czech Republic - Hotel Cristal and Continental"]
[Date "2016.11.23"]
[Round "5.72"]
[White "Marcovici, Adrian"]
[Black "Bakalar, Jan"]
[Result "0-1"]
[WhiteElo "1906"]
[BlackElo "2033"]
[PlyCount "105"]
[EventDate "2016.11.19"]

1. e4 d6 2. d4 Nf6 3. Nc3 g6 4. g3 c6 5. a4 Bg7 6. Bg2 O-O 7. Nge2 e5 8. O-O
Qc7 9. h3 Na6 10. Be3 Re8 11. dxe5 dxe5 12. g4 h5 13. f3 hxg4 14. fxg4 Nh7 15.
Ng3 Qe7 16. Qf3 Be6 17. Rfd1 b6 18. Bf1 Nb4 19. Rd2 Rad8 20. Rad1 Rxd2 21. Rxd2
Rd8 22. Qd1 Bf6 23. Nb1 c5 24. c3 Nc6 25. Rxd8+ Qxd8 26. Qxd8+ Bxd8 27. Nd2 Bg5
28. Kf2 Bxe3+ 29. Kxe3 Kf8 30. Bb5 Nd8 31. Be2 Ke7 32. Nc4 f6 33. Kf2 Ng5 34.
Kg2 Bd7 35. a5 bxa5 36. Nxa5 Nde6 37. Kh2 Nf4 38. Bf1 Kd6 39. Nc4+ Kc7 40. Nd2
Nh7 41. Nf3 Kd6 42. Bc4 Bc6 43. Nd2 Nf8 44. Ne2 Nxe2 45. Bxe2 Ne6 46. h4 Nf4
47. Bf3 Bb5 48. Kg3 a5 49. h5 g5 50. Kf2 a4 51. c4 Be8 52. Kg3 Bf7 53. Bd1 {
... 88 moves} 0-1

[Event "26th WSCC 2016 Open 65+"]
[Site "Marianske Lazne, Czech Republic - Hotel Cristal and Continental"]
[Date "2016.11.23"]
[Round "5.73"]
[White "Pokora, Lubomir"]
[Black "Bondar, Leonid"]
[Result "1/2-1/2"]
[WhiteElo "1895"]
[BlackElo "2019"]
[PlyCount "22"]
[EventDate "2016.11.19"]

1. c4 e5 2. Nc3 Nf6 3. g3 Nc6 4. Bg2 d6 5. Nf3 Be6 6. b3 h6 7. O-O Qd7 8. d4
exd4 9. Nxd4 Bh3 10. Re1 Bxg2 11. Kxg2 Be7 $11 1/2-1/2

[Event "26th WSCC 2016 Open 65+"]
[Site "Marianske Lazne, Czech Republic - Hotel Cristal and Continental"]
[Date "2016.11.23"]
[Round "5.74"]
[White "Harding, Tim D"]
[Black "Malinovsky, Jozef"]
[Result "1-0"]
[WhiteElo "2015"]
[BlackElo "1794"]
[PlyCount "91"]
[EventDate "2016.11.19"]

1. e4 c5 2. c3 Nf6 3. e5 Nd5 4. d4 e6 5. c4 Ne7 6. Nf3 cxd4 7. Nxd4 a6 8. Nc3
Nec6 9. Nf3 Be7 10. Bd3 d6 11. exd6 Bxd6 12. Qe2 Be7 13. Bf4 Nd7 14. Rd1 Qa5
15. O-O Nf6 16. a3 Nh5 17. Bc1 Qc7 18. Bc2 Nf6 19. Rfe1 O-O 20. b4 b6 21. Bb2
Bb7 22. Ne4 Nxe4 23. Qxe4 g6 24. Qe3 e5 25. Qh6 f6 26. Bxg6 Bxb4 27. axb4 hxg6
28. b5 axb5 29. cxb5 Nd4 30. Qxg6+ Qg7 31. Qxg7+ Kxg7 32. Nxd4 exd4 33. Bxd4
Ra5 34. Rb1 Ra4 35. Bxb6 Rg4 36. Re7+ Rf7 37. Rxf7+ Kxf7 38. g3 Ra4 39. Be3 Kg6
40. Kf1 Ra2 41. b6 Kf5 42. Rb4 Ke6 43. f4 f5 44. h3 Bc6 45. g4 fxg4 46. hxg4 {
... 58 moves} 1-0

[Event "26th WSCC 2016 Open 65+"]
[Site "Marianske Lazne, Czech Republic - Hotel Cristal and Continental"]
[Date "2016.11.23"]
[Round "5.75"]
[White "Gerhard, Walter"]
[Black "Halla, Jiri"]
[Result "1-0"]
[WhiteElo "2014"]
[BlackElo "1770"]
[PlyCount "103"]
[EventDate "2016.11.19"]

1. d4 Nf6 2. Nf3 g6 3. g3 Bg7 4. c4 d6 5. Bg2 O-O 6. O-O c6 7. Nc3 Nbd7 8. e4
e5 9. h3 Re8 10. Re1 Qc7 11. Be3 Nf8 12. Rc1 a6 13. Qc2 Nh5 14. Qb3 Kh8 15.
dxe5 dxe5 16. Na4 Be6 17. Bb6 Qc8 18. Kh2 Nd7 19. Qe3 Rb8 20. Ba7 Ra8 21. Nb6
Nxb6 22. Bxb6 Re7 23. Red1 Rd7 24. Ng5 h6 25. Nxe6 fxe6 26. Rd3 Qe8 27. Rcd1
Rxd3 28. Qxd3 Qe7 29. Qd7 Re8 30. Bc5 Qxd7 31. Rxd7 b5 32. cxb5 cxb5 33. Ra7
Rc8 34. b4 Rc6 35. h4 g5 36. hxg5 hxg5 37. Bh3 Kh7 38. Re7 Nf6 39. Bxe6 a5 40.
a3 axb4 41. axb4 Ng8 42. Bf5+ Kh6 43. Rb7 Nf6 44. Rxb5 g4 45. Be3+ Kh5 46. Rxe5
Nh7 47. Re7 Ng5 48. Rxg7 Nf3+ 49. Kg2 Nh4+ 50. gxh4 Rh6 51. Bxh6 g3 52. Rxg3
1-0

[Event "26th WSCC 2016 Open 65+"]
[Site "Marianske Lazne, Czech Republic - Hotel Cristal and Continental"]
[Date "2016.11.23"]
[Round "5.77"]
[White "Slechta, Karel"]
[Black "Kratschmer, Heinz"]
[Result "1-0"]
[WhiteElo "1872"]
[BlackElo "2008"]
[PlyCount "83"]
[EventDate "2016.11.19"]

1. e4 c5 2. Nf3 g6 3. d4 cxd4 4. Nxd4 Nc6 5. c4 Nf6 6. Nc3 d6 7. Be2 Nxd4 8.
Qxd4 Bg7 9. Qd1 O-O 10. O-O Be6 11. Be3 Rc8 12. b3 a6 13. Rc1 Nd7 14. Bd4 Bh6
15. f4 f5 16. g3 Nc5 17. Bf3 fxe4 18. Nxe4 Bh3 19. Re1 b6 20. Bb2 Bg7 21. Bxg7
Kxg7 22. Ng5 Bf5 23. g4 h6 24. gxf5 hxg5 25. Qd4+ Kh7 26. fxg5 Rh8 27. b4 e5
28. Qh4+ Kg7 29. f6+ Kf7 30. Bd5+ Ne6 31. Qg4 Qd7 32. Re3 Rh5 33. Rh3 Rch8 34.
Rcc3 Qc8 35. Rxh5 gxh5 36. Qf5 Rg8 37. Rg3 Rg6 38. h4 b5 39. Rc3 Qd7 40. cxb5
axb5 41. Bxe6+ Qxe6 42. Rc7+ 1-0

[Event "26th WSCC 2016 Open 65+"]
[Site "Marianske Lazne, Czech Republic - Hotel Cristal and Continental"]
[Date "2016.11.23"]
[Round "5.78"]
[White "Hund, Gerhard"]
[Black "Biza, Miroslav"]
[Result "1-0"]
[WhiteElo "2005"]
[BlackElo "1728"]
[PlyCount "75"]
[EventDate "2016.11.19"]

1. Nf3 d5 2. d4 Bf5 3. Bf4 e6 4. c4 Bd6 5. Bxd6 Qxd6 6. e3 Nf6 7. Qb3 b6 8.
Nbd2 O-O 9. Rc1 Nbd7 10. Be2 c5 11. O-O Rac8 12. h3 Rc7 13. Qa3 Ne4 14. Rfd1
Rfc8 15. Nxe4 Bxe4 16. cxd5 exd5 17. dxc5 Nxc5 18. b4 Ne6 19. Rxc7 Rxc7 20. Nd4
Nxd4 21. Rxd4 Qg6 22. f3 Rc2 23. Qxa7 h5 24. Qa6 Qg3 25. Rd1 Bf5 26. Kf1 Bxh3
27. gxh3 Qxh3+ 28. Kg1 Qg3+ 29. Kf1 Qh2 30. Qd3 Rxe2 31. Qxe2 Qh1+ 32. Kf2 Qh4+
33. Kg1 Qg5+ 34. Kh1 Qg3 35. Qg2 Qh4+ 36. Kg1 Qxb4 37. f4 Qc3 38. Qd2 1-0

[Event "26th WSCC 2016 Open 65+"]
[Site "Marianske Lazne, Czech Republic - Hotel Cristal and Continental"]
[Date "2016.11.23"]
[Round "5.79"]
[White "Simkin, Alexander"]
[Black "Pitzl, Konstantinos"]
[Result "1/2-1/2"]
[WhiteElo "1782"]
[BlackElo "2004"]
[PlyCount "87"]
[EventDate "2016.11.19"]

1. d4 Nf6 2. Nf3 g6 3. c4 Bg7 4. Nc3 O-O 5. e4 d6 6. Be2 Nbd7 7. O-O e5 8. d5
a5 9. a4 Nc5 10. Qc2 Bd7 11. Be3 Na6 12. h3 Nh5 13. Nh2 Nf4 14. Bxf4 exf4 15.
Nf3 Nc5 16. Rfe1 f5 17. exf5 Bxf5 18. Qd1 Qf6 19. Ra3 Rae8 20. Qd2 g5 21. Nh2
Bg6 22. Ng4 Qe7 23. Nb5 h5 24. Nh2 b6 25. Nd4 Qf6 26. Nb5 Re7 27. b4 axb4 28.
Qxb4 Rfe8 29. Qd2 Qb2 30. Ra2 Qxd2 31. Rxd2 Bd3 32. Kf1 Rxe2 33. Rexe2 Bxc4 34.
Nxc7 Rxe2 35. Rxe2 Nxa4 36. Ke1 Bxe2 37. Kxe2 Nc3+ 38. Kd3 $11 b5 39. Nf3 g4
40. hxg4 hxg4 41. Nd2 Be5 42. Ne4 b4 43. Nxc3 bxc3 44. Nb5 1/2-1/2

[Event "26th WSCC 2016 Open 65+"]
[Site "Marianske Lazne, Czech Republic - Hotel Cristal and Continental"]
[Date "2016.11.23"]
[Round "5.80"]
[White "Svec, Ludek"]
[Black "Chmelik, Jiri"]
[Result "0-1"]
[WhiteElo "1702"]
[BlackElo "2000"]
[PlyCount "74"]
[EventDate "2016.11.19"]

1. d4 Nf6 2. c4 e6 3. g3 c5 4. d5 exd5 5. cxd5 d6 6. Nc3 g6 7. e4 Bg7 8. Bg2
O-O 9. Nf3 Re8 10. Qc2 Na6 11. O-O Nb4 12. Qb1 Nbxd5 13. Bg5 Nxc3 14. bxc3 h6
15. Bxf6 Qxf6 16. Qd3 Bg4 17. h3 Bxf3 18. Bxf3 Qxc3 19. Rad1 Qxd3 20. Rxd3 Be5
21. Rb1 c4 22. Rd5 b6 23. Be2 Rac8 24. f4 Bg7 25. Rc1 Rxe4 26. Bd3 Rd4 27. Rxd4
Bxd4+ 28. Kf1 b5 29. a4 a6 30. axb5 axb5 31. f5 Rc5 32. Bb1 gxf5 33. Rd1 Be5
34. Bxf5 b4 35. Rb1 b3 36. Ke2 Bxg3 37. Bd7 Bf4 0-1

[Event "26th WSCC 2016 Open 65+"]
[Site "Marianske Lazne, Czech Republic - Hotel Cristal and Continental"]
[Date "2016.11.23"]
[Round "5.81"]
[White "Vitek, Vaclav"]
[Black "Do Prado, Hamilton Mesquita"]
[Result "1-0"]
[WhiteElo "1999"]
[BlackElo "1672"]
[PlyCount "81"]
[EventDate "2016.11.19"]

1. e4 c5 2. Nf3 d6 3. d4 cxd4 4. Nxd4 Nf6 5. Nc3 Nc6 6. Be2 a6 7. Be3 g6 8. f3
Bg7 9. Qd2 O-O 10. O-O-O Nxd4 11. Bxd4 b5 12. Kb1 Bb7 13. g4 e5 14. Be3 Ne8 15.
h4 Rc8 16. Nd5 Bxd5 17. exd5 Nf6 18. h5 Qe7 19. c3 Qb7 20. Bg5 a5 21. Bxf6 Bxf6
22. hxg6 fxg6 23. Bd3 b4 24. cxb4 axb4 25. Be4 Ra8 26. b3 Rfc8 27. Rc1 Rxc1+
28. Rxc1 Bg7 29. Rc4 Rb8 30. Qc2 Ra8 31. Rc6 Qe7 32. Rc7 Qh4 33. Qe2 Qh1+ 34.
Rc1 Qh3 35. Qb5 Bh6 36. Qb7 Rd8 37. Qe7 Ra8 38. Qe6+ Kh8 39. g5 Qxe6 40. dxe6
Bxg5 41. Bxa8 1-0

[Event "26th WSCC 2016 Open 65+"]
[Site "Marianske Lazne, Czech Republic - Hotel Cristal and Continental"]
[Date "2016.11.23"]
[Round "5.82"]
[White "Just, Pavel"]
[Black "Svoboda, Jaroslav"]
[Result "1-0"]
[WhiteElo "1996"]
[BlackElo "1712"]
[PlyCount "65"]
[EventDate "2016.11.19"]

1. e4 e5 2. Nf3 d6 3. d4 exd4 4. Nxd4 Nd7 5. c4 g6 6. Nc3 c6 7. Be3 Bg7 8. Be2
a6 9. O-O c5 10. Nb3 Ne5 11. f4 Nc6 12. Qd2 Nf6 13. Rad1 O-O 14. Qxd6 Qxd6 15.
Rxd6 Bg4 16. Bxg4 Nxg4 17. Bxc5 Rfe8 18. h3 Nh6 19. Re1 Nd8 20. Bb6 Ne6 21. g3
Rac8 22. c5 Bf8 23. Rd5 Ng7 24. Kf2 Rc6 25. g4 f6 26. Na5 Rcc8 27. Nxb7 Ne6 28.
Kf3 Nf7 29. Red1 Bh6 30. Nd6 Nxd6 31. cxd6 Nxf4 32. d7 Nxd5 33. Rxd5 1-0

[Event "26th WSCC 2016 Open 65+"]
[Site "Marianske Lazne, Czech Republic - Hotel Cristal and Continental"]
[Date "2016.11.23"]
[Round "5.85"]
[White "Goetze, Peter"]
[Black "Borensztajn, David"]
[Result "0-1"]
[WhiteElo "1862"]
[BlackElo "2211"]
[PlyCount "70"]
[EventDate "2016.11.19"]

1. Nc3 g6 2. e4 Bg7 3. d4 c5 4. Nge2 cxd4 5. Nxd4 a6 6. Be3 d6 7. Qd2 Nc6 8.
Be2 Bd7 9. O-O Rc8 10. f4 Nf6 11. h3 b5 12. a3 O-O 13. g4 Na5 14. Rae1 Nc4 15.
Bxc4 Rxc4 16. e5 dxe5 17. fxe5 Ne8 18. Nf3 Qc8 19. Bd4 Nc7 20. Ne4 Rd8 21. Qh2
Ne6 22. Bc3 Nc5 23. Nfd2 Nxe4 24. Nxc4 Qxc4 25. Qf4 Nxc3 26. Qxc4 bxc4 27. bxc3
Be6 28. Re2 Bd5 29. Kf2 e6 30. Kg3 Rb8 31. Kf4 f6 32. exf6 Bxf6 33. Re3 Bxc3
34. Kg3 Bd4 35. Ree1 Rb2 0-1

[Event "26th WSCC 2016 Open 65+"]
[Site "Marianske Lazne, Czech Republic - Hotel Cristal and Continental"]
[Date "2016.11.23"]
[Round "5.86"]
[White "Doehner, Hans-Juergen"]
[Black "Rubinstein, Mark"]
[Result "1/2-1/2"]
[WhiteElo "2111"]
[BlackElo "1886"]
[PlyCount "96"]
[EventDate "2016.11.19"]

1. e4 e6 2. d4 d5 3. e5 c5 4. c3 Nc6 5. Nf3 Bd7 6. Bd3 Qb6 7. Bc2 f6 8. O-O
fxe5 9. Nxe5 Nxe5 10. dxe5 O-O-O 11. Ba4 Ne7 12. Nd2 Nc6 13. Nf3 Be7 14. Rb1
Rdf8 15. Be3 Qa5 16. Bxc6 Bxc6 17. a3 Kb8 18. Qd2 Qc7 19. Bf4 Ka8 20. Bg3 Qd8
21. b4 a6 22. bxc5 Bxc5 23. Nd4 Bxd4 24. Qxd4 b5 25. f3 Rf7 26. Bf2 Qc7 27. Qc5
Be8 28. Qd4 Rhf8 29. Be3 Bc6 30. a4 Rb8 31. axb5 Bxb5 32. Rf2 Qc4 33. Qd2 Qd3
34. Qxd3 Bxd3 35. Rxb8+ Kxb8 36. Rd2 Bc4 37. Rb2+ Rb7 38. Rxb7+ Kxb7 39. Kf2
Kc6 40. Ke1 a5 41. Kd1 a4 42. Bc1 Bb3+ 43. Kd2 Kb5 44. Kd3 Ba2 45. g4 Bb1+ 46.
Kd4 Bc2 47. f4 g6 48. h4 Kc6 1/2-1/2

[Event "26th WSCC 2016 Open 65+"]
[Site "Marianske Lazne, Czech Republic - Hotel Cristal and Continental"]
[Date "2016.11.23"]
[Round "5.87"]
[White "Anguera Maestro, Jaime"]
[Black "Prammer, Franz"]
[Result "1-0"]
[WhiteElo "2081"]
[BlackElo "1864"]
[PlyCount "93"]
[EventDate "2016.11.19"]

1. d4 d6 2. Nf3 Nd7 3. e4 Ngf6 4. Bd3 e5 5. c3 Be7 6. O-O c6 7. Re1 Qc7 8. a4
b6 9. b4 a6 10. Nbd2 Bb7 11. Nb3 Nf8 12. c4 c5 13. bxc5 bxc5 14. d5 Ng6 15. Bd2
a5 16. Rb1 O-O 17. Nc1 Rfb8 18. Ne2 Nh5 19. Qc2 Bc8 20. h3 Bd8 21. g4 Nf6 22.
Ng3 Rxb1 23. Rxb1 Rb8 24. Rb5 Ra8 25. Qb1 Qa7 26. Nf5 Ne8 27. h4 Nf8 28. g5 g6
29. Nh6+ Kg7 30. Nh2 f6 31. f4 fxg5 32. hxg5 Ba6 33. Rb3 Nd7 34. N2g4 Rb8 35.
Rxb8 Qxb8 36. Qxb8 Nxb8 37. fxe5 dxe5 38. Nxe5 Nd6 39. Nhg4 Bc7 40. Bc3 Kf8 41.
Nf6 Nf7 42. Nxh7+ Kg7 43. Nxf7+ Kxf7 44. e5 Kg7 45. e6+ Kg8 46. e7 Kf7 47. Bf6
1-0

[Event "26th WSCC 2016 Open 65+"]
[Site "Marianske Lazne, Czech Republic - Hotel Cristal and Continental"]
[Date "2016.11.23"]
[Round "5.88"]
[White "Bobbia, Mario"]
[Black "Mueller, Lutz"]
[Result "0-1"]
[WhiteElo "1850"]
[BlackElo "2070"]
[PlyCount "50"]
[EventDate "2016.11.19"]

1. e4 c5 2. Nf3 d6 3. d4 cxd4 4. Nxd4 Nf6 5. Nc3 g6 6. Bb5+ Bd7 7. Qe2 Bg7 8.
Be3 Nc6 9. f3 a6 10. Nxc6 Bxc6 11. Bxc6+ bxc6 12. O-O O-O 13. Rfd1 Qc7 14. Rab1
Rfb8 15. b3 Ng4 16. Nd5 cxd5 17. fxg4 dxe4 18. Bf2 f5 19. c4 Rc8 20. gxf5 gxf5
21. Qd2 Qc6 22. Qg5 e6 23. g4 Rf8 24. c5 d5 25. Bd4 Ra7 0-1

[Event "26th WSCC 2016 Open 65+"]
[Site "Marianske Lazne, Czech Republic - Hotel Cristal and Continental"]
[Date "2016.11.23"]
[Round "5.89"]
[White "Sand, Rolf"]
[Black "Novak, Jaromir"]
[Result "1/2-1/2"]
[WhiteElo "2068"]
[BlackElo "1843"]
[PlyCount "37"]
[EventDate "2016.11.19"]

1. c4 Nf6 2. g3 g6 3. Bg2 Bg7 4. Nc3 e5 5. e4 Nc6 6. Nge2 O-O 7. O-O d6 8. d3
Bd7 9. Nd5 Nxd5 10. cxd5 Ne7 11. Be3 c5 12. dxc6 Bxc6 13. d4 d5 14. dxe5 dxe4
15. Nc3 Bxe5 16. Bxe4 Qxd1 17. Rfxd1 Rfd8 18. Bxc6 Nxc6 19. Rxd8+ $11 1/2-1/2

[Event "26th WSCC 2016 Open 65+"]
[Site "Marianske Lazne, Czech Republic - Hotel Cristal and Continental"]
[Date "2016.11.23"]
[Round "5.90"]
[White "Weyand, Fernand"]
[Black "Hartlaub, Marianne"]
[Result "1/2-1/2"]
[WhiteElo "1816"]
[BlackElo "1558"]
[PlyCount "36"]
[EventDate "2016.11.19"]

1. e4 d6 2. d4 Nf6 3. f3 Nbd7 4. c4 a6 5. Nc3 c6 6. Be3 e5 7. Nge2 Be7 8. Qd2
O-O 9. Ng3 g6 10. Rd1 b5 11. Bd3 Bb7 12. O-O Re8 13. Qf2 Bf8 14. Nce2 Qa5 15.
Nc1 Qc7 16. Nge2 Bg7 17. g4 Nb6 18. dxe5 dxe5 $11 1/2-1/2